<?xml version="1.0" encoding="UTF-8"?>
<marc:record xmlns:marc="http://www.loc.gov/MARC21/slim">
   <marc:leader>00000nam a2200000 a 4500</marc:leader>
   <marc:datafield ind1="1" ind2=" " tag="100">
      <marc:subfield code="a">Duffek-Kopper, Helga</marc:subfield>
      <marc:subfield code="4">aut</marc:subfield>
      <marc:subfield code="e">Verfasser/-in</marc:subfield>
   </marc:datafield>
   <marc:datafield ind1="0" ind2="0" tag="245">
      <marc:subfield code="a">Reisefertig</marc:subfield>
   </marc:datafield>
   <marc:datafield ind1="0" ind2="0" tag="245">
      <marc:subfield code="b">ein nostalgisches Fahrtenbuch mit leichtem Gepäck</marc:subfield>
   </marc:datafield>
   <marc:datafield ind1="0" ind2="0" tag="245">
      <marc:subfield code="c">Helga Duffek-Kopper</marc:subfield>
   </marc:datafield>
   <marc:datafield ind1=" " ind2="1" tag="264">
      <marc:subfield code="a">Klagenfurt</marc:subfield>
      <marc:subfield code="b">Heyn</marc:subfield>
      <marc:subfield code="c">2011</marc:subfield>
   </marc:datafield>
   <marc:datafield ind1="1" ind2=" " tag="520">
      <marc:subfield code="a">Angaben aus der Verlagsmeldung

Reisefertig : Ein nostalgisches Fahrtenbuch mit leichtem Gepäck / von Helag Duffek-Kopper

Kindheit während des Krieges, Erwachsenwerden in den Fünfzigerjahren, Zurückblicken im Alter - die meisten Bücher Helga Duffek-Koppers handeln von ihrem Leben. Aber nie sind sie nur Autobiografien, sondern Zeit-Geschichten, Erzählungen, Gedichte, Essays oder Diskurse über Dinge, Menschen, Ereignisse oder Erlebnisse, die nicht nur die Autorin bewegt haben.
In ihrem neuen Buch setzt Helga Duffek-Kopper jenen Menschen und Begleitern ein erzählerisches Denkmal, die ihr auf dem Weg durch ihr ausgefülltes Leben wichtig waren.
</marc:subfield>
   </marc:datafield>
   <marc:datafield ind1=" " ind2=" " tag="020">
      <marc:subfield code="a">9783708404363</marc:subfield>
      <marc:subfield code="9">9783708404363</marc:subfield>
   </marc:datafield>
   <marc:datafield ind1=" " ind2=" " tag="041">
      <marc:subfield code="a">ger</marc:subfield>
   </marc:datafield>
   <marc:datafield ind1=" " ind2=" " tag="300">
      <marc:subfield code="a">160 S.</marc:subfield>
   </marc:datafield>
</marc:record>
